000
00285nam a2200121 a 4500
008
100923s1989|||| d
245
1
0
_a
Žltý diabol, žltý boh
100
1
_a
Ferko, Vladimír
260
_b
Obzor
_a
Bratislava
_c
1989
020
_c
35
044
_a
xo
_c
SK
041
_a
slo
999
_c
10635
_d
10635